Statistiken für Schnelle Mathematik - Wurzel ziehen

Klicken Sie hier um das Quiz zu spielen!

Allgemein

  • Dieses Quiz wurde 928 mal gespielt
  • Das Durchschnittsergebnis liegt bei 20 aus 30

Antwortstatistiken

Wurzel=% Korrekt
√14412
99%
√648
97%
√819
91%
√366
89%
√12111
88%
√164
88%
√16913
87%
∛1255
87%
√19614
85%
√42
82%
∛00
80%
∛82
79%
∛11
75%
∛273
73%
√22515
72%
√40020
71%
∛100010
70%
√25616
68%
∛644
64%
√32418
54%
√44121
54%
√28917
52%
∛3437
52%
∛133111
44%
∛7299
44%
∛5128
41%
∛337515
37%
∛409616
33%
∛172812
32%
∛219713
29%

Verteilung der Resultate

Perzentil nach korrekt beantworteten Fragen

Anzahl Personen mit jedem Resultat

Ihre Resultats-Entwicklung

Sie haben dieses Quiz noch nicht gespielt